Skromná jubilantka so skromnými parametrami Pred 110 rokmi absolvoval prvú cestu vlak zo Spišskej Novej Vsi do Levoče

Bibliographic Details
Main Author: Paličková, Mária (Author)
Format: Article
Language:Slovak
Subjects:

MARC

LEADER 00000nab a2200000 a 4500
001 vtls001017566
003 SK-MaSNL
005 20260303171800.0
008 040720e20020000xo 0 slo
035 |a SN3516 
040 |a SNSK  |b slo  |c SNSK  |e AACR2 
041 0 |a slo 
044 |a xo  |c SK 
080 |a 656.21  |2 1981 
100 1 |a Paličková, Mária  |4 aut  |9 891593 
245 1 0 |a Skromná jubilantka so skromnými parametrami  |b Pred 110 rokmi absolvoval prvú cestu vlak zo Spišskej Novej Vsi do Levoče 
650 0 7 |a železnice  |2 SNSK  |9 20511 
650 0 7 |a železničné trate  |2 SNSK  |9 4210 
650 0 7 |a výročie 110.  |2 SNSK  |9 1196557 
650 0 7 |a dejiny  |2 SNSK  |9 3825 
650 0 7 |a informácie  |2 SNSK  |9 1285 
651 7 |a Spišská Nová Ves (Slovensko)  |2 SNSK  |9 28800 
651 7 |a Levoča (Slovensko)  |2 SNSK  |9 26696 
651 7 |a SN,  |2 SNSK  |9 1021277 
655 7 |a periodikum  |2 snkbucl  |9 29553 
773 0 8 |t Ž-semafor  |g Roč. 12, č.21 (2002), s. 24-25 
852 |a ZVYKNI  |b KIS3GCP 
999 |c 2083321  |d 2085251